|
|
แสดงรายละเอียดบรรณานุกรม |
|
|
Brief Record
: Get Marc (ISO 2709)
: E-mail record
: |
| LEADER 00000nama 2200000uu 4500 | |||
| 001 191235 | |||
| 003 ULIBM | |||
| 008 040531s|||| th m m a000 0 tha d | |||
| 041 tha | |||
| 050 วจ HM251 ร663ค 2546 | |||
| 100 รุจี จารุภาชน์ | |||
| 245 ความต้องการมีส่วนร่วมในการผลิตและพัฒนาบุคลากรขององค์กรปกครองส่วนท้องถิ่น | |||
| 246 อบจ. - การผลิตและพัฒนาบุคลากร | |||
| 260 2546 นนทบุรี สบช. | |||
| 300 197 หน้า | |||
| 650 องค์การปกครองส่วนท้องถิ่น - การผลิตและพัฒนา | |||
| 999 ^aใช้งานได้ทุกระบบ | |||
| คุณยังไม่ได้ล็อกอิน คุณสามารถมีกิจกรรมร่วมกับเว็บไซต์ได้ แต่ต้องล็อกอินก่อน :: |
|
| สถานะ | |||||||||
| 1. | งานวิจัย | วจ HM251 ร663ค 2546 | On Shelf ขอยืม | ||||||
| [แสดง 1/1 รายการ] | |||||||||
BibComment |
| คอมเมนท์ทรัพยากรรายการนี้ |
|
|